| 000 | 00932nam a2200289 a 4500 | ||
|---|---|---|---|
| 001 | 000108461 | ||
| 003 | CHAP | ||
| 005 | 20220329144013.0 | ||
| 008 | 140217s2012 mx |r| |||0|||spa d | ||
| 010 | _a104923 | ||
| 011 | _a105895 | ||
| 020 | _a9786077798576 | ||
| 040 | _cCHAP | ||
| 082 | 0 | 4 |
_a361.25098 _bV39 |
| 100 | 1 |
_aVázquez Olivera, M. Gabriela _9125440 |
|
| 245 | 1 | 3 |
_aEl viraje neoliberal de la política social y la búsqueda de alternativas en Améria Latina / _cpor M. Gabriela Vázquez Olivera. |
| 260 |
_aMéxico, DF. : _bUniversidad Autónoma de la Ciudad de México, _c2012. |
||
| 300 |
_a270 p. : _bgráfs. |
||
| 590 |
_aE11695DGD _b10 _c20140221 _lUCH01 _h0919 |
||
| 590 |
_aE5652GLJ _b05 _c20140217 _lUCH01 _h0938 |
||
| 650 | 1 | 4 |
_aNeoliberalismo. _980855 |
| 650 | 1 | 4 |
_aPolítica social _zAmérica Latina. _990704 |
| 650 | 1 | 4 |
_aPolítica y gobierno. _990717 |
| 901 | _aBK | ||
| 942 | _cLIBRO | ||
| 942 | _n0 | ||
| 999 |
_c104923 _d104923 |
||